Blur Discography - Statistics

General Stats
  • This quiz has been taken 81 times
  • The average score is 58 of 199
Answer Stats
Answer % Correct
Parklife
96%
A Song
91%
Country House
91%
Song 2
87%
Coffee & TV
85%
Charmless Man
83%
Girls & Boys
81%
Beetlebum
79%
The Universal
77%
There's No Other Way
75%
For Tomorrow
74%
She's So High
68%
Tender
68%
Stereotypes
66%
Bang
64%
End of a Century
58%
This Is a Low
58%
On Your Own
57%
To the End
57%
Chemical World
55%
Sunday Sunday
55%
The Narcissist
55%
You're so Great
55%
Sing
53%
Dan Abnormal
51%
Advert
49%
No Distance Left to Run
49%
M.O.R.
47%
Essex Dogs
45%
Popscene
45%
The Ballad
45%
Best Days
43%
Colin Zeal
43%
Mr Robinson's Quango
43%
Tracy Jacks
43%
Bank Holiday
42%
Death of a Party
42%
It Could Be You
42%
Yuko and Hiro
42%
Badhead
40%
Blue Jeans
40%
Bugman
40%
Country Sad Ballad Man
40%
Magic America
40%
Swamp Song
40%
Top Man
40%
Clover Over Dover
38%
Fade Away
38%
He Thought of Cars
38%
Lonesome Street
38%
Miss America
38%
Ong Ong
38%
Star Shaped
38%
The Debt Collector
38%
B.L.U.R.E.M.I
36%
Coping
36%
Far Out
36%
London Loves
36%
Pressure on Julian
36%
Birthday
34%
Good Song
34%
Jubilee
34%
Lot 105
34%
Oily Water
34%
St. Charles Square
34%
Trouble in the Message Centre
34%
Bad Day
32%
Crazy Beat
32%
Entertain Me
32%
Ernold Same
32%
Globe Alone
32%
Out of Time
32%
Sweet Song
32%
Wear Me Down
32%
Alex's Song
30%
Barbaric
30%
Chinese Bombs
30%
Ice Cream Man
30%
Look Inside America
30%
Strange News from Another Star
30%
Trailerpark
30%
Trimm Trabb
30%
Turn It Up
30%
Caramel
28%
Ghost Ship
28%
I'm Just a Killer for Your Love
28%
Intermission
28%
Repetition
28%
Resigned
28%
Battery in Your Leg
26%
Come Together
26%
High Cool
26%
Music Is My Radar
26%
Villa Rosie
26%
Fool
25%
Mellow Song
25%
Movin' On
25%
Optigan I
25%
Pyongyang
25%
Slow Down
25%
The Swan
25%
Ambulance
23%
Battle
23%
One Born Every Minute
23%
Peach
23%
People in Europe
23%
Red Necks
23%
Theme from Retro
23%
Ultranol
23%
Young and Lovely
23%
1992
21%
Beard
21%
I Know
21%
Inertia
21%
Maggie May
21%
The Everglades (For Leonard)
21%
Theme from an Imaginary Film
21%
The Rabbi
21%
Avalon
19%
Dancehall
19%
Got Yer!
19%
Ludwig
19%
My Terracotta Heart
19%
No Monsters in Me
19%
Peter Panic
19%
Russian Strings
19%
Swallows in the Heatwave
19%
The Horrors
19%
Uncle Love
19%
Brothers and Sisters
17%
Gene by Gene
17%
Go Out
17%
Mirrorball
17%
New World Towers
17%
Tame
17%
The Heights
17%
We've Got a File on You
17%
Badgeman Brown
15%
Daisy Bell (A Bicycle Made for Two)
15%
Down
15%
Garden Central
15%
Get out of Cities
15%
Goodbye Albert
15%
I Love Her
15%
I'm Fine
15%
Jets
15%
Luminous
15%
Mace
15%
Mr Briggs
15%
On the Way to the Club
15%
St Louis
15%
Supa Shoppa
15%
The Man Who Left Himself
15%
Threadneedle Street
15%
All We Want
13%
All Your Life
13%
Anniversary Waltz
13%
Beagle 2
13%
Black Book
13%
Hanging Over
13%
Into Another
13%
Let's All Go Down the Strand
13%
Magpie
13%
My Ark
13%
Sticks and Stones
13%
There Are Too Many of Us
13%
Thought I Was a Spaceman
13%
Tune 2
13%
Woodpigeon Song
13%
Beachcoma
11%
Caravan
11%
Commercial Break
11%
Eine Kleine Lift Musik
11%
Es Schmecht
11%
Explain
11%
Far Away Island
11%
French Song
11%
I Broadcast
11%
I Got Law
11%
I'm All Over
11%
Me, White Noise
11%
Moroccan Peoples Revolutionary Bowls Club
11%
Polished Stone
11%
When the Cows Come Home
11%
Berserk
9%
Bone Bag
9%
Close
9%
Day Upon Day
9%
Don't Be
9%
Won't Do It
9%
A Spell (For Money)
8%
Bustin' and Dronin'
8%
Cowboy Song
8%
Morricone
8%
The Outsider
8%
Money Makes Me Crazy
6%
So You
6%
Mellow Jam
4%
Some Glad Morning
4%
No matching quizzes found
Score Distribution
Percent of People with Each Score
Percentile by Number Answered
Your Score History
You have not taken this quiz